00416nam a2200157Ia 45000010006000000050017000060080041000230410008000640820018000721000027000902450081001172600009001983000035002076500008002426540008002502233720260414150824.0260414t2015||||xx |||||||||||||| ||spa|| aESP a621.3191bB95 aBush, Stephen F. eAUT 0aSmart grid :bcommunication-enabled intelligence for the electric power grid c2015 axxxii, 538 páginas :c25 cm. aTCA aCET